000 00577nam a2200229Ia 4500
003 OSt
005 20220918173957.0
006 a|||||r|||| 00| 0
007 ta
008 220917b |||||||| |||| 00| 0 eng d
024 _a9,585
037 _cTextual
040 _aARTS
_cARTS
_beng
041 _2eng
_aeng
082 _a272, F7
100 _aMccolvin Lionel R.
_943937
245 0 _aLibrary extension work and publiicity ill
260 _c1927
650 _aLIBRARY SCIENCE
942 _h272, F7
_cTEXL
_2CC
999 _c151225
_d151225